[Event "147 Stay Safe Play From Home series"]
[Site "T#646013Emanuel Laske"]
[Date "2020.05.13"]
[Round "6"]
[White "Don59as"]
[Black "Haris kollari 13"]
[Result "1-0"]
[WhiteElo "2041"]
[BlackElo "1957"]
[Annotator "TA"]
[PlyCount "81"]
[EventDate "2020.05.13"]
[EventType "swiss (blitz)"]

{[%evp 9,80,39,54,59,79,54,66,70,67,69,63,68,77,55,64,32,68,35,92,90,105,79,71,14,56,5,59,0,20,-11,134,124,161,166,276,252,802,827,804,797,931,916,1089,1066,1338,1243,29980,29981,5489,1353,1325,1302,1194,1168,1121,1092,29971,29974,29984,29985,29989,29990,29990,29991,29991,29983,29995,29994,29994,29995,29995,29996,29999]} 1. c4 b6 2. Nc3 Bb7 3. e4 g6 4. g3 Bg7 5. Nge2 Nf6 6. Bg2 {[#] A10: English Opening: Unusual Replies for Black.} h5 $146 ({Predecessor:} 6... O-O 7. O-O e5 8. d3 Nc6 9. f4 exf4 10. Bxf4 d6 11. Qd2 Ng4 12. d4 Ne7 {0-1 (40) Chalupnik,M (2215)-Praszak,M (2156) Poronin 2012}) 7. h3 d6 8. O-O {And now e5! would win.White is slightly better.} e5 9. d4 exd4 10. Nxd4 Nfd7 11. Nd5 {Nxc7+! is the strong threat.} O-O 12. Rb1 a6 13. Be3 Ne5 (13... Re8 $14) 14. b3 $16 Re8 15. Re1 c5 {Hoping for ...Bxd5.} 16. Nf3 (16. Ne2 $16) 16... Bxd5 (16... Nxf3+ {looks sharper.} 17. Bxf3 Nc6 18. h4 b5 19. Bg5 Qa5) 17. exd5 (17. Qxd5 $14 Nxf3+ 18. Bxf3) 17... Nbd7 ({Better is} 17... Nxf3+ $11 18. Qxf3 (18. Bxf3 Nd7 $14) 18... Nd7) 18. Nxe5 (18. Ng5 $14 Nf8 19. Ne4) 18... Nxe5 19. Qd2 f6 (19... b5 $11) 20. f4 $36 {[%mdl 2048] White is really pushing. Black is now going downhill.} Nf7 21. Bf2 Qd7 {[#]} (21... Nh6 {was necessary.} 22. Re6 Rb8) 22. Re6 $1 $18 {[%mdl 512]} Rxe6 $2 (22... Rab8 23. Rbe1 Nh6) 23. dxe6 {[%mdl 64] Discovered Attack} Qxe6 24. Bxa8 b5 25. Bd5 Qe7 26. Re1 Qc7 27. Qe3 f5 28. Qe8+ Bf8 29. Bxf7+ Qxf7 30. Qxf7+ Kxf7 31. cxb5 axb5 32. a4 bxa4 33. bxa4 {White mates.} d5 34. a5 d4 35. a6 d3 36. a7 d2 37. a8=Q c4 {[#]} 38. Qd5+ $1 Kg7 39. Qxd2 c3 40. Qxc3+ Kh6 41. Qh8# {Accuracy: White = 43%, Black = 42%.} 1-0

[Event "147 Stay Safe Play From Home series"]
[Site "T#646013Emanuel Laske"]
[Date "2020.05.13"]
[Round "6"]
[White "Rolf03"]
[Black "matanant"]
[Result "1-0"]
[WhiteElo "1780"]
[BlackElo "1747"]
[Annotator "NA"]
[PlyCount "91"]
[EventDate "2020.05.13"]
[EventType "swiss (blitz)"]

1. e4 {[%emt 0:00:03]} e5 {[%emt 0:00:02]} 2. Nf3 {[%emt 0:00:05]} d5 {[%emt 0:00:02]} 3. Nxe5 {[%emt 0:00:05]} Bd6 {[%emt 0:00:02]} 4. d4 {[%emt 0:00:06]} dxe4 {[%emt 0:00:02]} 5. Bb5+ {[%emt 0:00:09]} c6 {[%emt 0:00:02]} 6. Bc4 {[%emt 0:00:04]} Bxe5 {[%emt 0:00:02]} 7. dxe5 {[%emt 0:00:04]} Qxd1+ {[%emt 0:00:02]} 8. Kxd1 {[%emt 0:00:05]} Bg4+ {[%emt 0:00:02]} 9. Ke1 {[%emt 0:00:05]} Nd7 {[%emt 0:00:02]} 10. Bf4 {[%emt 0:00:05]} Ne7 {[%emt 0:00:05]} 11. e6 {[%emt 0:00:05]} fxe6 {[%emt 0:00:07]} 12. Nc3 {[%emt 0:00:06]} Bf5 {[%emt 0:00:03]} 13. Rd1 {[%emt 0:00:06]} Nd5 {[%emt 0:00:02]} 14. Be3 {[%emt 0:00:05]} b5 {[%emt 0:00:16]} 15. Bb3 {[%emt 0:00:06]} a5 {[%emt 0:00:02]} 16. Bd4 {[%emt 0:00:07]} O-O {[%emt 0:00:06]} 17. a3 {[%emt 0:00:05]} a4 {[%emt 0:00:14]} 18. Ba2 {[%emt 0:00:06]} b4 {[%emt 0:00:58]} 19. axb4 {[%emt 0:00:07]} a3 {[%emt 0:00:11]} 20. bxa3 {[%emt 0:00:06]} Rxa3 {[%emt 0:00:20]} 21. Bb3 {[%emt 0:00:05]} Raa8 {[%emt 0:00:33]} 22. b5 {[%emt 0:00:08]} Nxc3 {[%emt 0:00:08]} 23. Bxc3 {[%emt 0:00:07]} Nc5 {[%emt 0:00:06]} 24. Bb4 {[%emt 0:00:05]} Nxb3 {[%emt 0:00:26]} 25. Bxf8 {[%emt 0:00:05]} Kxf8 {[%emt 0:00:12]} 26. cxb3 {[%emt 0:00:06]} cxb5 {[%emt 0:00:01]} 27. Rf1 {[%emt 0:00:05]} Ra3 {[%emt 0:00:08]} 28. b4 {[%emt 0:00:08]} Rb3 {[%emt 0:00:03]} 29. Rd7 {[%emt 0:00:07]} Rxb4 {[%emt 0:00:10]} 30. Ke2 {[%emt 0:00:06]} e5 {[%emt 0:00:02]} 31. Rd2 {[%emt 0:00:06]} Be6 {[%emt 0:00:02]} 32. Ke3 {[%emt 0:00:05]} Bc4 {[%emt 0:00:00]} 33. Rc1 {[%emt 0:00:06]} Bd3 {[%emt 0:00:00]} 34. Rc5 {[%emt 0:00:05]} Kf7 {[%emt 0:00:03]} 35. Rxe5 {[%emt 0:00:06]} Kf6 {[%emt 0:00:01]} 36. Rc5 {[%emt 0:00:05]} Rb3 {[%emt 0:00:01]} 37. Kf4 {[%emt 0:00:08] '} h6 {[%emt 0:00:02]} 38. Rc6+ {[%emt 0:00:06]} Ke7 {[%emt 0:00:02]} 39. Ra2 {[%emt 0:00:06]} g5+ {[%emt 0:00:02]} 40. Kg4 {[%emt 0:00:07]} Kd7 {[%emt 0:00:06]} 41. Rxh6 {[%emt 0:00:07]} Rc3 {[%emt 0:00:01]} 42. Ra7+ {[%emt 0:00:07]} Rc7 {[%emt 0:00:03]} 43. Rh7+ {[%emt 0:00:05]} Kd6 {[%emt 0:00:01]} 44. Raxc7 {[%emt 0:00:04]} b4 {[%emt 0:00:02]} 45. Rhd7+ {[%emt 0:00:06]} Ke5 {[%emt 0:00:01]} 46. Kxg5 {[%emt 0:00:05] (Lag: Av=7.59s, max=30.4s)} 1-0

[Event "147 Stay Safe Play From Home series"]
[Site "T#646013Emanuel Laske"]
[Date "2020.05.13"]
[Round "6"]
[White "Edmatuag"]
[Black "Greblah"]
[Result "1-0"]
[WhiteElo "1703"]
[BlackElo "1872"]
[Annotator "NA"]
[PlyCount "57"]
[EventDate "2020.05.13"]
[EventType "swiss (blitz)"]

1. e4 {[%emt 0:00:01]} c6 {[%emt 0:00:03]} 2. d4 {[%emt 0:00:02]} d5 {[%emt 0:00:00]} 3. e5 {[%emt 0:00:01]} Bf5 {[%emt 0:00:03]} 4. Nf3 {[%emt 0:00:01]} e6 {[%emt 0:00:03]} 5. c4 {[%emt 0:00:05]} dxc4 {[%emt 0:00:02]} 6. Nc3 {[%emt 0:00:01]} b5 {[%emt 0:00:18]} 7. Be2 {[%emt 0:00:10]} Bb4 {[%emt 0:00:11]} 8. O-O {[%emt 0:00:09]} Ne7 {[%emt 0:00:09]} 9. a4 {[%emt 0:00:05]} Bxc3 {[%emt 0:00:08]} 10. bxc3 {[%emt 0:00:02]} Nd5 {[%emt 0:00:17]} 11. Qd2 {[%emt 0:00:27]} O-O {[%emt 0:00:08]} 12. Ba3 {[%emt 0:00:08]} Re8 {[%emt 0:00:15]} 13. Bc5 {[%emt 0:00:09]} a6 {[%emt 0:00:08]} 14. axb5 {[%emt 0:00:18]} cxb5 {[%emt 0:00:02]} 15. Ra3 {[%emt 0:00:07]} Nd7 {[%emt 0:00:06]} 16. Rfa1 {[%emt 0:00:10]} Nxc5 {[%emt 0:00:09]} 17. dxc5 {[%emt 0:00:01]} Qc8 {[%emt 0:01:02]} 18. Nd4 {[%emt 0:00:05]} Qxc5 {[%emt 0:00:07]} 19. Rxa6 {[%emt 0:00:09]} Rxa6 {[%emt 0:00:01]} 20. Rxa6 {[%emt 0:00:02]} Nc7 {[%emt 0:00:11]} 21. Rc6 {[%emt 0:00:57]} Qa7 {[%emt 0:00:02]} 22. Nxf5 {[%emt 0:00:09]} exf5 {[%emt 0:00:01]} 23. Qd7 {[%emt 0:00:04]} Qa1+ {[%emt 0:01:13]} 24. Bf1 {[%emt 0:00:04]} Qxc3 {[%emt 0:00:03]} 25. Rxc7 {[%emt 0:00:12]} Rf8 {[%emt 0:00:02]} 26. e6 {[%emt 0:00:08]} b4 {[%emt 0:00:07]} 27. e7 {[%emt 0:00:16]} g6 {[%emt 0:00:04]} 28. exf8=Q+ {[%emt 0:00:04]} Kxf8 {[%emt 0:00:01]} 29. Qxf7# {[%emt 0:00:02] (Lag: Av=0.43s, max=0.5s)} 1-0

[Event "147 Stay Safe Play From Home series"]
[Site "T#646013Emanuel Laske"]
[Date "2020.05.13"]
[Round "6"]
[White "Germanicus G"]
[Black "Gmbasti"]
[Result "1-0"]
[WhiteElo "1676"]
[BlackElo "1627"]
[Annotator "NA"]
[PlyCount "79"]
[EventDate "2020.05.13"]
[EventType "swiss (blitz)"]

1. g3 {[%emt 0:00:00]} c5 {[%emt 0:00:03]} 2. Bg2 {[%emt 0:00:00]} e6 {[%emt 0:00:01]} 3. c4 {[%emt 0:00:02]} d5 {[%emt 0:00:03]} 4. cxd5 {[%emt 0:00:06]} exd5 {[%emt 0:00:02]} 5. Qb3 {[%emt 0:00:01]} Nc6 {[%emt 0:00:04]} 6. Qxd5 {[%emt 0:00:13]} Qxd5 {[%emt 0:00:04]} 7. Bxd5 {[%emt 0:00:01]} Be6 {[%emt 0:00:02]} 8. Bxe6 {[%emt 0:00:05]} fxe6 {[%emt 0:00:02]} 9. d3 {[%emt 0:00:03]} Nd4 {[%emt 0:00:02]} 10. Na3 {[%emt 0:00:03]} c4 {[%emt 0:00:02]} 11. Be3 {[%emt 0:00:08]} Bxa3 {[%emt 0:00:03]} 12. Bxd4 {[%emt 0:00:02]} Bb4+ {[%emt 0:00:04]} 13. Kd1 {[%emt 0:00:10]} Nf6 {[%emt 0:00:01]} 14. Bxf6 {[%emt 0:00:08]} gxf6 {[%emt 0:00:01]} 15. dxc4 {[%emt 0:00:01]} O-O-O+ {[%emt 0:00:02]} 16. Kc1 {[%emt 0:00:07]} Bd2+ {[%emt 0:00:02]} 17. Kc2 {[%emt 0:00:02]} Ba5 {[%emt 0:00:02]} 18. Nf3 {[%emt 0:00:04]} Rd7 {[%emt 0:00:06]} 19. Rhd1 {[%emt 0:00:02]} Rhd8 {[%emt 0:00:01]} 20. Rxd7 {[%emt 0:00:02]} Rxd7 {[%emt 0:00:01]} 21. Rd1 {[%emt 0:00:02]} Rxd1 {[%emt 0:00:01]} 22. Kxd1 {[%emt 0:00:02]} Kd7 {[%emt 0:00:04]} 23. e3 {[%emt 0:00:20]} Ke7 {[%emt 0:00:01]} 24. Ke2 {[%emt 0:00:01]} Bc7 {[%emt 0:00:01]} 25. Nd4 {[%emt 0:00:05]} e5 {[%emt 0:00:01]} 26. Nf5+ {[%emt 0:00:02]} Ke6 {[%emt 0:00:01]} 27. e4 {[%emt 0:00:01]} h5 {[%emt 0:00:02]} 28. h3 {[%emt 0:00:02]} a5 {[%emt 0:00:25]} 29. f3 {[%emt 0:00:15]} b6 {[%emt 0:00:20]} 30. g4 {[%emt 0:00:15]} hxg4 {[%emt 0:00:01]} 31. fxg4 {[%emt 0:00:02]} Kf7 {[%emt 0:00:07]} 32. h4 {[%emt 0:00:01]} Kg6 {[%emt 0:00:01]} 33. h5+ {[%emt 0:00:05]} Kg5 {[%emt 0:00:02]} 34. Kf3 {[%emt 0:00:01]} Bd8 {[%emt 0:00:53]} 35. Ng7 {[%emt 0:00:21]} Be7 {[%emt 0:00:10]} 36. Ne6+ {[%emt 0:00:02]} Kh6 {[%emt 0:00:03]} 37. Nc7 {[%emt 0:00:06]} Bc5 {[%emt 0:00:02]} 38. Nd5 {[%emt 0:00:07]} Kg5 {[%emt 0:00:04]} 39. a3 {[%emt 0:00:05]} Bd4 {[%emt 0:00:07]} 40. b3 {[%emt 0:00:10] Zeit (Lag: Av=0.34s, max=1.0s)} 1-0

[Event "147 Stay Safe Play From Home series"]
[Site "T#646013Emanuel Laske"]
[Date "2020.05.13"]
[Round "7"]
[White "Lazieri3"]
[Black "Weltszmerc"]
[Result "0-1"]
[WhiteElo "2007"]
[BlackElo "2065"]
[Annotator "TA"]
[PlyCount "128"]
[EventDate "2020.05.13"]
[EventType "swiss (blitz)"]

{[%evp 9,128,-13,-2,-8,-6,-14,-10,-6,14,-10,20,-14,-12,-12,-10,-23,-20,-21,-16,-19,-17,-18,-16,-28,-12,-12,0,-21,-21,-21,-21,-68,-55,-56,-56,-56,-56,-124,-38,-49,-24,-121,-29,-585,0,-44,0,-10,-2,-67,-67,-88,-50,-50,-64,-52,-58,-110,-14,-14,-8,-17,0,-67,-67,-67,0,-67,-36,-40,-38,-41,-39,-45,-38,-31,-8,-13,-8,-25,-26,-64,-64,-78,-36,-60,-43,-379,-355,-1322,-1289,-4935,-4383,-4627,-4627,-29979,-29976,-29981,-29983,-29982,-29983,-29990,-29991,-29991,-29992,-29992,-29993,-29996,-29988,-29988,-29988,-29988,-29989,-29992,-29991,-29991,-29991,-29997,-29998,-29998,-29999]} 1. e4 Nf6 2. Nc3 d5 3. exd5 Nxd5 4. Nxd5 Qxd5 5. Qf3 c6 6. Qxd5 {B02: Alekhine's Defence: Chase Variation and lines with early Nc3.} cxd5 7. d4 Nc6 8. c3 {The position is equal.} Bg4 {[#]} 9. Be2 $146 (9. Bd3 {keeps more tension.} f6 10. f3 Bd7 11. Ne2 Kf7 12. Kf2) ({Predecessor:} 9. Bf4 e6 10. Bd3 Kd7 11. h3 Bh5 12. g4 Bg6 13. Kd2 Bxd3 14. Kxd3 Be7 15. Nf3 {½-½ (22) Beimfohr,U (2135)-Hammer,P (2280) Switzerland 1995}) 9... h5 10. h3 Bxe2 11. Nxe2 e6 12. O-O Be7 13. Bf4 Rc8 14. Rfe1 Na5 15. Nc1 Nc4 16. Nd3 O-O 17. Re2 Rfd8 18. Ne5 b5 19. a3 a5 20. Rc1 Nxe5 21. Bxe5 b4 22. axb4 axb4 23. Kf1 {[#]} (23. Bf4 $15) 23... Rc4 (23... Bg5 $1 $17 {[%cal Rg5c1]} 24. Ra1 bxc3) 24. Bf4 $1 $15 Rdc8 {[%cal Rb4c3]} 25. Rec2 (25. Bd2 $11) 25... Kf8 (25... Bf6 $17 26. Be5 Bg5) 26. Bd2 $2 {[%mdl 8192]} (26. Ke2 $11 {and White stays safe.}) 26... Kg8 $2 (26... b3 $19 27. Ke2 Ra4) 27. Be3 Kf8 28. Ke2 bxc3 29. bxc3 (29. Rxc3 $11 Rxc3 30. bxc3) 29... Ba3 30. Rb1 Rxc3 31. Rxc3 Rxc3 $17 {[%mdl 4096] Endgame KRB-KRB} 32. Rb8+ Ke7 33. Rb7+ (33. Rh8 $15) 33... Ke8 ({Black should try} 33... Kf6 $17 34. Bd2 Rc4) 34. Rb8+ $11 Kd7 35. Rh8 g6 36. g4 (36. Rh7 $1 $11) 36... hxg4 $1 $15 37. hxg4 Rc8 ({Better is} 37... Bc1 $15) 38. Rh1 (38. Rh7 $1 $11) 38... Rc4 39. Rh7 Ke8 40. Rh8+ Ke7 41. Bg5+ Kd6 42. Rf8 Rxd4 {[#] aiming for ...Re4+.} 43. Rxf7 {Hoping for Be7+.} Re4+ 44. Kf3 {And now Be7+ would win.} Bb2 45. Bf4+ Be5 46. Bh6 Ra4 47. Bf8+ Kc6 48. Re7 $2 {[%mdl 8192] Black continues to play with concentration.} (48. Bg7 $15 Re4 49. Bh6) 48... Rf4+ $19 49. Kg2 $2 (49. Ke2 Rxf8 50. Rxe6+ Bd6 51. Rxg6) 49... Rxf8 50. Rxe6+ {KRB-KR} Bd6 51. Rxg6 d4 52. Kf1 d3 {Black mates.} 53. Ke1 Kd5 54. Kd2 Rf3 55. Rg8 Bb4+ 56. Kc1 Rxf2 57. Rd8+ Kc4 58. Rc8+ Bc5 59. g5 Rg2 60. g6 Rxg6 61. Kb2 Rg2+ 62. Kc1 Kd4 63. Kd1 Rg1+ 64. Kd2 Bb4+ {Accuracy: White = 55%, Black = 71%.} 0-1

[Event "147 Stay Safe Play From Home series"]
[Site "T#646013Emanuel Laske"]
[Date "2020.05.13"]
[Round "7"]
[White "Tumnik_ad"]
[Black "Haris kollari 13"]
[Result "0-1"]
[WhiteElo "1878"]
[BlackElo "1944"]
[PlyCount "116"]
[EventDate "2020.05.13"]
[EventType "swiss (blitz)"]

1. e4 {[%emt 0:00:01]} e6 {[%emt 0:00:02]} 2. d4 {[%emt 0:00:05]} d5 {[%emt 0:00:03]} 3. Nc3 {[%emt 0:00:00]} Nf6 {[%emt 0:00:01]} 4. e5 {[%emt 0:00:02]} Nfd7 {[%emt 0:00:01]} 5. Nf3 {[%emt 0:00:02]} c5 {[%emt 0:00:01]} 6. dxc5 {[%emt 0:00:00]} Bxc5 {[%emt 0:00:02]} 7. Bb5 {[%emt 0:00:00]} Nc6 {[%emt 0:00:01]} 8. Bxc6 {[%emt 0:00:03]} bxc6 {[%emt 0:00:01]} 9. O-O {[%emt 0:00:02]} O-O {[%emt 0:00:02]} 10. Be3 {[%emt 0:00:06]} Be7 {[%emt 0:00:02]} 11. Nd4 {[%emt 0:00:05]} Qc7 {[%emt 0:00:02]} 12. f4 {[%emt 0:00:03]} a6 {[%emt 0:00:01]} 13. Nb3 {[%emt 0:00:04]} c5 {[%emt 0:00:02]} 14. Na4 {[%emt 0:00:26]} d4 {[%emt 0:00:03]} 15. Bf2 {[%emt 0:00:02]} Bb7 {[%emt 0:00:01]} 16. Qg4 {[%emt 0:00:10]} Qc6 {[%emt 0:00:05]} 17. Nd2 {[%emt 0:00:16]} Qxa4 {[%emt 0:00:02]} 18. Nf3 {[%emt 0:00:03]} Qxc2 {[%emt 0:00:03]} 19. Rac1 {[%emt 0:00:07]} Qf5 {[%emt 0:00:05]} 20. Qg3 {[%emt 0:00:03]} Bxf3 {[%emt 0:00:01]} 21. gxf3 {[%emt 0:00:00]} Qg6 {[%emt 0:00:03]} 22. Kh1 {[%emt 0:00:05]} Qxg3 {[%emt 0:00:01]} 23. hxg3 {[%emt 0:00:00]} Rab8 {[%emt 0:00:02]} 24. b3 {[%emt 0:00:01]} a5 {[%emt 0:00:02]} 25. Rc4 {[%emt 0:00:02]} Rb4 {[%emt 0:00:02]} 26. Rfc1 {[%emt 0:00:02]} Rfb8 {[%emt 0:00:02]} 27. Be1 {[%emt 0:00:01]} Rxc4 {[%emt 0:00:02]} 28. Rxc4 {[%emt 0:00:00]} Nb6 {[%emt 0:00:02]} 29. Rc1 {[%emt 0:00:06]} Nd5 {[%emt 0:00:01]} 30. Bxa5 {[%emt 0:00:06]} Ra8 {[%emt 0:00:01]} 31. b4 {[%emt 0:00:04]} cxb4 {[%emt 0:00:04]} 32. Bc7 {[%emt 0:00:03]} Rc8 {[%emt 0:00:03]} 33. a3 {[%emt 0:00:13]} bxa3 {[%emt 0:00:03]} 34. Rb1 {[%emt 0:00:04]} Rxc7 {[%emt 0:00:02]} 35. Rb8+ {[%emt 0:00:05]} Bf8 {[%emt 0:00:01]} 36. Ra8 {[%emt 0:00:00]} g6 {[%emt 0:00:04]} 37. Kg2 {[%emt 0:00:01]} Rc2+ {[%emt 0:00:02]} 38. Kh3 {[%emt 0:00:01]} Ne3 {[%emt 0:00:02]} 39. f5 {[%emt 0:00:05]} exf5 {[%emt 0:00:03]} 40. g4 {[%emt 0:00:13]} f4 {[%emt 0:00:02]} 41. g5 {[%emt 0:00:05]} Kg7 {[%emt 0:00:01]} 42. e6 {[%emt 0:00:07]} fxe6 {[%emt 0:00:02]} 43. Ra7+ {[%emt 0:00:02]} Kg8 {[%emt 0:00:01]} 44. Ra8 {[%emt 0:00:00]} Nf5 {[%emt 0:00:06]} 45. Rxf8+ {[%emt 0:00:02]} Kg7 {[%emt 0:00:07]} 46. Rf7+ {[%emt 0:00:01]} Kh8 {[%emt 0:00:01]} 47. Rf8+ {[%emt 0:00:00]} Kg7 {[%emt 0:00:02]} 48. Rf7+ {[%emt 0:00:03]} Kg8 {[%emt 0:00:01]} 49. Rf8+ {[%emt 0:00:00]} Kxf8 {[%emt 0:00:02]} 50. Kg4 {[%emt 0:00:04]} a2 {[%emt 0:00:03]} 51. Kh3 {[%emt 0:00:02]} a1=Q {[%emt 0:00:01]} 52. Kg4 {[%emt 0:00:01]} Nd6 {[%emt 0:00:03]} 53. Kxf4 {[%emt 0:00:01]} Qc1+ {[%emt 0:00:03]} 54. Ke5 {[%emt 0:00:00]} Qe3+ {[%emt 0:00:02]} 55. Kxd6 {[%emt 0:00:01]} d3 {[%emt 0:00:01]} 56. f4 {[%emt 0:00:02]} d2 {[%emt 0:00:01]} 57. f5 {[%emt 0:00:00]} gxf5 {[%emt 0:00:01]} 58. g6 {[%emt 0:00:01]} d1=Q# {[%emt 0:00:01] (Lag: Av=0.37s, max=0.9s)} 0-1

[Event "147 Stay Safe Play From Home series"]
[Site "T#646013Emanuel Laske"]
[Date "2020.05.13"]
[Round "7"]
[White "Greblah"]
[Black "Rolf03"]
[Result "1-0"]
[WhiteElo "1847"]
[BlackElo "1823"]
[Annotator "NA"]
[PlyCount "51"]
[EventDate "2020.05.13"]
[EventType "swiss (blitz)"]

1. e4 {[%emt 0:00:02]} c5 {[%emt 0:00:05]} 2. Nc3 {[%emt 0:00:04]} Nc6 {[%emt 0:00:07]} 3. g3 {[%emt 0:00:02]} g6 {[%emt 0:00:04]} 4. Bg2 {[%emt 0:00:00]} Bg7 {[%emt 0:00:05]} 5. d3 {[%emt 0:00:01]} d6 {[%emt 0:00:05]} 6. Be3 {[%emt 0:00:01]} e6 {[%emt 0:00:06]} 7. Qd2 {[%emt 0:00:01]} Nge7 {[%emt 0:00:05]} 8. Bh6 {[%emt 0:00:02]} O-O {[%emt 0:00:06]} 9. h4 {[%emt 0:00:01]} Bd7 {[%emt 0:00:14]} 10. h5 {[%emt 0:00:02]} Qb6 {[%emt 0:00:08]} 11. Bxg7 {[%emt 0:00:02]} Kxg7 {[%emt 0:00:07]} 12. hxg6 {[%emt 0:00:01]} Nxg6 {[%emt 0:00:05]} 13. Qh6+ {[%emt 0:00:02]} Kf6 {[%emt 0:00:12]} 14. Nge2 {[%emt 0:00:05]} Qxb2 {[%emt 0:00:11]} 15. Rb1 {[%emt 0:00:08]} Qxc2 {[%emt 0:00:09]} 16. Rxb7 {[%emt 0:00:07]} Rfd8 {[%emt 0:00:08]} 17. e5+ {[%emt 0:00:28]} Ncxe5 {[%emt 0:00:03]} 18. Ne4+ {[%emt 0:00:04]} Ke7 {[%emt 0:00:10]} 19. Qg5+ {[%emt 0:00:03]} Ke8 {[%emt 0:00:09]} 20. Nxd6+ {[%emt 0:00:02]} Kf8 {[%emt 0:00:04]} 21. Be4 {[%emt 0:00:41]} Nxd3+ {[%emt 0:00:05]} 22. Bxd3 {[%emt 0:00:04]} Qxd3 {[%emt 0:00:01]} 23. Nxf7 {[%emt 0:00:23]} Kxf7 {[%emt 0:00:03]} 24. Rxh7+ {[%emt 0:00:03]} Kg8 {[%emt 0:00:05]} 25. Qh6 {[%emt 0:00:09]} Bb5 {[%emt 0:00:13]} 26. Qg7# {[%emt 0:00:05] (Lag: Av=0.32s, max=0.4s)} 1-0

[Event "147 Stay Safe Play From Home series"]
[Site "T#646013Emanuel Laske"]
[Date "2020.05.13"]
[Round "7"]
[White "Germanicus G"]
[Black "Don59as"]
[Result "0-1"]
[WhiteElo "1691"]
[BlackElo "2054"]
[Annotator "TA"]
[PlyCount "62"]
[EventDate "2020.05.13"]
[EventType "swiss (blitz)"]

{[%evp 9,62,-122,-34,-96,-77,-91,-81,-109,-91,-79,-58,-62,-54,-54,-54,-48,-57,-60,-35,-52,-38,-87,-50,-45,-29,-47,-41,-56,-43,-76,-80,-69,0,-10,0,-10,39,-12,-11,-9,38,44,127,120,165,153,189,206,188,168,283,278,375,370,346]} 1. g3 d5 2. Bg2 e5 3. c4 d4 4. Qb3 c6 {[#]} 5. e3 $146 ({Predecessor:} 5. d3 f5 6. e3 dxe3 7. Bxe3 Nd7 8. Qc3 Bd6 9. Nf3 Ngf6 10. O-O O-O 11. d4 e4 {0-1 (35) Bozic,M (2312)-Nie,X (2244) Novi Sad 2019}) 5... Nf6 (5... Na6 $17 {White must now prevent ...Nc5.} 6. exd4 exd4) 6. exd4 {A00: Irregular Openings.} (6. Nf3 $15) 6... exd4 7. Ne2 Bc5 8. O-O {[#]Black is better.} O-O $1 9. d3 a5 {[%cal Ba7a5,Ba5a4][%mdl 32]} (9... Re8 $5 {[%cal Re8e2]} 10. Re1 Na6 $15) 10. Bg5 a4 11. Qc2 h6 12. Bxf6 Qxf6 ({But not} 12... gxf6 $6 13. Nd2 $14) 13. Nd2 Qd8 14. Ne4 Be7 15. b3 a3 16. c5 Be6 17. Nf4 Bf5 18. Qc4 Na6 19. b4 Nc7 20. Rfe1 Ne6 (20... g5 $15 21. Ne2 Nb5) 21. Nxe6 $11 Bxe6 22. Qc2 Bd5 23. Qe2 (23. Nd2 $14) 23... Re8 24. Nd2 Bxg2 25. Kxg2 Qd7 ({Better is} 25... b6 $14) 26. Qf3 $16 b6 27. cxb6 Bxb4 28. Rxe8+ Rxe8 29. Nc4 Re6 (29... Qe6 {was necessary.} 30. Rf1 Rb8) 30. Rb1 $18 c5 31. b7 Re8 {[%mdl 32768] Accuracy: White = 80%, Black = 51%. . Loss on time!?} 0-1